[Event "Russian Rapid Championship (m)"]
[Site "Sochi"]
[Date "2022.10.16"]
[Round "6.1"]
[White "Artemiev, Vladislav"]
[Black "Tomashevsky, Evgeny"]
[Result "1-0"]
[BlackElo "2631"]
[WhiteElo "2710"]
[LiveChessVersion "1.4.8"]

1. c4 {[%clk 0:13:30]} g6 {[%clk 0:14:41]} 2. d4 {[%clk 0:13:19]} Nf6
{[%clk 0:14:48]} 3. f3 {[%clk 0:12:24]} c5 {[%clk 0:14:35]} 4. d5
{[%clk 0:12:30]} e6 {[%clk 0:14:02]} 5. e4 {[%clk 0:12:10]} d6 {[%clk 0:14:09]}
6. Nc3 {[%clk 0:12:18]} exd5 {[%clk 0:13:45]} 7. cxd5 {[%clk 0:12:25]} Bg7
{[%clk 0:13:51]} 8. Nge2 {[%clk 0:12:31]} O-O {[%clk 0:13:29]} 9. Ng3
{[%clk 0:12:38]} Nh5 {[%clk 0:12:17]} 10. Nxh5 {[%clk 0:12:34]} gxh5
{[%clk 0:12:25]} 11. Be2 {[%clk 0:10:00]} f5 {[%clk 0:09:46]} 12. O-O
{[%clk 0:10:05]} f4 {[%clk 0:08:14]} 13. g3 {[%clk 0:09:03]} fxg3
{[%clk 0:03:59]} 14. hxg3 {[%clk 0:09:10]} h4 {[%clk 0:03:21]} 15. Kg2
{[%clk 0:06:01]} hxg3 {[%clk 0:03:07]} 16. Rh1 {[%clk 0:05:32]} Be5
{[%clk 0:01:58]} 17. Bh6 {[%clk 0:04:28]} Rf7 {[%clk 0:01:59]} 18. Qd2
{[%clk 0:03:34]} Nd7 {[%clk 0:01:57]} 19. f4 {[%clk 0:02:26]} Bg7
{[%clk 0:01:53]} 20. Bh5 {[%clk 0:01:45]} Re7 {[%clk 0:01:38]} 21. Bf3
{[%clk 0:01:06]} Qf8 {[%clk 0:01:09]} 22. Bg5 {[%clk 0:01:05]} Bf6
{[%clk 0:00:44]} 23. Rh5 {[%clk 0:00:51]} Bxg5 {[%clk 0:00:44]} 24. Rxg5+
{[%clk 0:01:00]} Rg7 {[%clk 0:00:53]} 25. Rxg7+ {[%clk 0:01:03]} Qxg7
{[%clk 0:01:00]} 26. Rh1 {[%clk 0:00:49]} b5 {[%clk 0:00:29]} 27. Rh3
{[%clk 0:00:16]} Kh8 {[%clk 0:00:38]} 28. Rxg3 {[%clk 0:00:25]} Qf6
{[%clk 0:00:48]} 29. Ne2 {[%clk 0:00:12]} Nb6 {[%clk 0:00:52]} 30. Qc3
{[%clk 0:00:14]} Qxc3 31. Nxc3 {[%clk 0:00:23]} Bd7 {[%clk 0:00:47]} 32. e5
{[%clk 0:00:32]} b4 {[%clk 0:00:56]} 33. Nd1 {[%clk 0:00:14]} Rf8
{[%clk 0:00:49]} 34. e6 {[%clk 0:00:20]} Be8 {[%clk 0:00:58]} 35. Rg4
{[%clk 0:00:12]} Bh5 {[%clk 0:01:03]} 36. Rg5 {[%clk 0:00:20]} Bg6
{[%clk 0:01:12]} 37. Ne3 {[%clk 0:00:24]} Rxf4 {[%clk 0:01:10]} 38. Rxg6
{[%clk 0:00:32]} 1-0

[Event "Russian Rapid Championship (m)"]
[Site "Sochi"]
[Date "2022.10.16"]
[Round "6.2"]
[White "Grachev, Boris"]
[Black "Sjugirov, Sanan"]
[Result "1/2-1/2"]
[BlackElo "2609"]
[WhiteElo "2612"]
[LiveChessVersion "1.4.8"]

1. Nf3 {[%clk 0:15:18]} Nf6 {[%clk 0:15:14]} 2. c4 {[%clk 0:15:22]} e6
{[%clk 0:15:08]} 3. g3 {[%clk 0:15:29]} d5 {[%clk 0:15:15]} 4. Bg2
{[%clk 0:15:38]} dxc4 {[%clk 0:15:23]} 5. Qa4+ {[%clk 0:15:32]} Bd7
{[%clk 0:15:20]} 6. Qxc4 {[%clk 0:15:39]} c5 {[%clk 0:15:28]} 7. Ne5
{[%clk 0:15:04]} Qc8 {[%clk 0:15:33]} 8. Qd3 {[%clk 0:15:06]} Nc6
{[%clk 0:11:47]} 9. Nxd7 {[%clk 0:15:10]} Nxd7 {[%clk 0:11:56]} 10. Nc3
{[%clk 0:14:09]} Be7 {[%clk 0:11:57]} 11. O-O {[%clk 0:13:31]} O-O
{[%clk 0:12:04]} 12. b3 {[%clk 0:13:32]} Rd8 {[%clk 0:11:57]} 13. Qb1
{[%clk 0:12:59]} Nf6 {[%clk 0:11:02]} 14. d3 {[%clk 0:12:43]} Nd5
{[%clk 0:09:55]} 15. Bb2 {[%clk 0:11:57]} Qd7 {[%clk 0:09:49]} 16. Re1
{[%clk 0:10:23]} Rac8 {[%clk 0:09:48]} 17. a3 {[%clk 0:08:56]} b6
{[%clk 0:09:24]} 18. Nxd5 {[%clk 0:07:51]} exd5 {[%clk 0:09:33]} 19. e3
{[%clk 0:08:00]} Na5 {[%clk 0:04:08]} 20. Bc3 {[%clk 0:07:33]} Qb5
{[%clk 0:04:17]} 21. Bxa5 {[%clk 0:05:22]} Qxa5 {[%clk 0:04:26]} 22. Rc1
{[%clk 0:05:22]} Qb5 {[%clk 0:04:15]} 23. Ra2 {[%clk 0:05:12]} a5
{[%clk 0:04:15]} 24. Bf1 {[%clk 0:04:15]} Qd7 {[%clk 0:04:18]} 25. Rac2
{[%clk 0:04:11]} g6 {[%clk 0:04:05]} 26. Bg2 {[%clk 0:03:25]} 1/2-1/2

[Event "Russian Rapid Championship (m)"]
[Site "Sochi"]
[Date "2022.10.16"]
[Round "6.3"]
[White "Savchenko, Boris"]
[Black "Grebnev, Aleksey"]
[Result "1/2-1/2"]
[BlackElo "2469"]
[WhiteElo "2605"]
[LiveChessVersion "1.4.8"]

1. c4 {[%clk 0:13:19]} Nf6 {[%clk 0:15:08]} 2. g3 {[%clk 0:13:27]} e6
{[%clk 0:15:15]} 3. Nf3 {[%clk 0:13:36]} d5 {[%clk 0:15:22]} 4. b3
{[%clk 0:13:44]} Be7 {[%clk 0:15:30]} 5. Bg2 {[%clk 0:13:52]} O-O
{[%clk 0:15:38]} 6. O-O {[%clk 0:13:59]} b6 {[%clk 0:15:44]} 7. Bb2
{[%clk 0:14:06]} Bb7 {[%clk 0:15:52]} 8. e3 {[%clk 0:14:14]} c5 {[%clk 0:15:38]}
9. Nc3 {[%clk 0:14:19]} Nc6 {[%clk 0:15:25]} 10. cxd5 {[%clk 0:14:09]} Nxd5
{[%clk 0:14:57]} 11. Nxd5 {[%clk 0:14:16]} Qxd5 {[%clk 0:12:35]} 12. d4
{[%clk 0:14:22]} Rfd8 {[%clk 0:11:51]} 13. Ne5 {[%clk 0:09:01]} Qxg2+
{[%clk 0:06:18]} 14. Kxg2 {[%clk 0:09:08]} Nxe5+ {[%clk 0:06:26]} 15. f3
{[%clk 0:08:44]} cxd4 {[%clk 0:06:34]} 16. exd4 {[%clk 0:08:44]} Nc6
{[%clk 0:06:04]} 17. Qe2 {[%clk 0:06:32]} Rd5 {[%clk 0:06:08]} 18. Rac1
{[%clk 0:06:30]} Rad8 {[%clk 0:06:10]} 19. a3 {[%clk 0:06:31]} h6
{[%clk 0:05:26]} 20. b4 {[%clk 0:06:09]} Bd6 {[%clk 0:05:12]} 21. b5
{[%clk 0:05:49]} Ne7 {[%clk 0:05:20]} 22. a4 {[%clk 0:05:55]} Nf5
{[%clk 0:04:44]} 23. Rc4 {[%clk 0:05:40]} Bb8 {[%clk 0:04:34]} 24. Rfc1
{[%clk 0:05:36]} e5 {[%clk 0:03:45]} 25. Rc7 {[%clk 0:02:18]} Bxc7
{[%clk 0:03:48]} 26. Rxc7 {[%clk 0:02:26]} Nxd4 {[%clk 0:02:18]} 27. Bxd4
{[%clk 0:01:34]} Rxd4 {[%clk 0:02:26]} 28. Qxe5 {[%clk 0:00:24]} Rd2+
{[%clk 0:02:24]} 29. Kh3 {[%clk 0:00:32]} Bxf3 {[%clk 0:01:42]} 30. Qe7
{[%clk 0:00:26]} Bh5 {[%clk 0:01:18]} 31. Rc2 {[%clk 0:00:33]} R2d7
{[%clk 0:01:13]} 32. Qe5 {[%clk 0:00:23]} Bg6 {[%clk 0:01:09]} 33. Re2
{[%clk 0:00:28]} Rd5 {[%clk 0:01:12]} 34. Qc7 {[%clk 0:00:34]} R5d7
{[%clk 0:01:15]} 35. Qc6 {[%clk 0:00:41]} Kh7 {[%clk 0:01:10]} 36. Kg2
{[%clk 0:00:23]} Rd4 {[%clk 0:01:13]} 37. Qc7 {[%clk 0:00:32]} R4d7
{[%clk 0:01:05]} 38. Qc6 {[%clk 0:00:39]} Rd4 {[%clk 0:00:53]} 39. Qc7
{[%clk 0:00:46]} R8d7 {[%clk 0:00:52]} 40. Qc8 {[%clk 0:00:44]} Bf5
{[%clk 0:00:48]} 41. Rf2 {[%clk 0:00:23]} Be4+ {[%clk 0:00:46]} 42. Kh3
{[%clk 0:00:30]} R4d5 {[%clk 0:00:23]} 43. Qe8 {[%clk 0:00:22]} Bg6
{[%clk 0:00:15]} 44. Kg2 {[%clk 0:00:18]} Rd4 {[%clk 0:00:21]} 45. h3
{[%clk 0:00:24]} Rc7 {[%clk 0:00:17]} 46. Ra2 {[%clk 0:00:19]} Be4+
{[%clk 0:00:14]} 47. Kh2 {[%clk 0:00:18]} Rc1 {[%clk 0:00:15]} 48. g4
{[%clk 0:00:26]} Bg6 {[%clk 0:00:12]} 49. Qe7 {[%clk 0:00:27]} Bb1
{[%clk 0:00:12]} 50. Rf2 {[%clk 0:00:26]} Bg6 {[%clk 0:00:14]} 51. Qxa7
{[%clk 0:00:34]} Rd6 {[%clk 0:00:16]} 52. Rb2 {[%clk 0:00:35]} Ra1
{[%clk 0:00:20]} 53. Qc7 {[%clk 0:00:37]} Re6 {[%clk 0:00:28]} 54. Qa7
{[%clk 0:00:24]} Ra3 {[%clk 0:00:29]} 55. h4 {[%clk 0:00:31]} h5 {[%clk 0:00:31]}
56. gxh5 {[%clk 0:00:27]} Bxh5 {[%clk 0:00:40]} 57. Qa8 {[%clk 0:00:22]} Bg6
{[%clk 0:00:38]} 58. Qd5 {[%clk 0:00:13]} Rxa4 {[%clk 0:00:39]} 59. h5
{[%clk 0:00:13]} Rh4+ {[%clk 0:00:47]} 60. Kg3 {[%clk 0:00:21]} Rxh5
{[%clk 0:00:52]} 61. Rh2 {[%clk 0:00:20]} Rxh2 {[%clk 0:00:45]} 62. Kxh2
{[%clk 0:00:28]} Be4 {[%clk 0:00:45]} 63. Qd8 {[%clk 0:00:36]} Rf6
{[%clk 0:00:17]} 64. Qc8 {[%clk 0:00:38]} Bf5 {[%clk 0:00:21]} 65. Qc3
{[%clk 0:00:36]} Re6 {[%clk 0:00:15]} 66. Kg3 {[%clk 0:00:38]} Bg6
{[%clk 0:00:20]} 67. Kh2 {[%clk 0:00:39]} Bf5 {[%clk 0:00:16]} 68. Kg3
{[%clk 0:00:46]} Rf6 {[%clk 0:00:24]} 69. Qd4 {[%clk 0:00:48]} Rg6+
{[%clk 0:00:27]} 70. Kf2 {[%clk 0:00:54]} Rf6 {[%clk 0:00:24]} 71. Kg3
{[%clk 0:01:01]} Re6 {[%clk 0:00:19]} 72. Qd5 {[%clk 0:01:05]} Kg6
{[%clk 0:00:20]} 73. Kf4 {[%clk 0:01:12]} Re4+ {[%clk 0:00:27]} 74. Kf3
{[%clk 0:01:20]} Re6 {[%clk 0:00:17]} 75. Kf4 {[%clk 0:01:27]} Re4+
{[%clk 0:00:26]} 76. Kf3 {[%clk 0:01:36]} f6 {[%clk 0:00:27]} 77. Qd6
{[%clk 0:01:42]} Re6 {[%clk 0:00:28]} 78. Qg3+ {[%clk 0:01:50]} Kh7
{[%clk 0:00:26]} 79. Qh2+ {[%clk 0:01:58]} Kg8 {[%clk 0:00:16]} 80. Qb8+
{[%clk 0:02:06]} Kh7 {[%clk 0:00:14]} 81. Qh2+ {[%clk 0:02:12]} Kg6
{[%clk 0:00:13]} 82. Ke4 1/2-1/2

[Event "Russian Rapid Championship (m)"]
[Site "Sochi"]
[Date "2022.10.16"]
[Round "6.4"]
[White "Timofeev, Artyom"]
[Black "Dzhumagaliev, Yan"]
[Result "1-0"]
[BlackElo "2479"]
[WhiteElo "2560"]
[LiveChessVersion "1.4.8"]

1. c4 {[%clk 0:15:17]} e6 {[%clk 0:15:16]} 2. Nf3 {[%clk 0:14:42]} Nf6
{[%clk 0:15:09]} 3. Nc3 {[%clk 0:14:09]} Bb4 {[%clk 0:14:30]} 4. g4
{[%clk 0:12:53]} h6 {[%clk 0:13:17]} 5. Rg1 {[%clk 0:12:21]} d5 {[%clk 0:11:32]}
6. a3 {[%clk 0:12:19]} Be7 {[%clk 0:11:13]} 7. d4 {[%clk 0:12:07]} Ne4
{[%clk 0:08:06]} 8. Qc2 {[%clk 0:09:08]} Ng5 {[%clk 0:07:56]} 9. Bg2
{[%clk 0:08:48]} dxc4 {[%clk 0:07:23]} 10. Be3 {[%clk 0:08:52]} Nc6
{[%clk 0:05:54]} 11. O-O-O {[%clk 0:08:50]} Nxf3 {[%clk 0:05:27]} 12. Bxf3
{[%clk 0:08:41]} Na5 {[%clk 0:05:33]} 13. d5 {[%clk 0:08:20]} Nb3+
{[%clk 0:04:47]} 14. Kb1 {[%clk 0:08:26]} e5 {[%clk 0:04:28]} 15. Qe4
{[%clk 0:06:35]} Nd4 {[%clk 0:03:06]} 16. Bxd4 {[%clk 0:05:58]} exd4
{[%clk 0:03:15]} 17. Qxd4 {[%clk 0:06:05]} O-O {[%clk 0:03:03]} 18. Qxc4
{[%clk 0:06:10]} a6 {[%clk 0:02:41]} 19. Ne4 {[%clk 0:03:43]} b5 {[%clk 0:00:25]}
20. Qc2 {[%clk 0:03:50]} Rb8 {[%clk 0:00:27]} 21. Rc1 {[%clk 0:03:58]} Rb7
{[%clk 0:00:16]} 22. Rgd1 {[%clk 0:02:06]} Bd6 {[%clk 0:00:25]} 23. Nxd6
{[%clk 0:00:27]} Qxd6 {[%clk 0:00:35]} 24. h4 {[%clk 0:00:19]} b4
{[%clk 0:00:44]} 25. axb4 {[%clk 0:00:12]} Qxb4 {[%clk 0:00:22]} 26. Qc3
{[%clk 0:00:13]} Qd6 {[%clk 0:00:16]} 27. Rd2 {[%clk 0:00:15]} Bd7
{[%clk 0:00:22]} 28. g5 {[%clk 0:00:19]} hxg5 {[%clk 0:00:27]} 29. hxg5
{[%clk 0:00:28]} Qg6+ {[%clk 0:00:36]} 30. Ka1 {[%clk 0:00:21]} Rfb8
{[%clk 0:00:36]} 31. d6 {[%clk 0:00:20]} c6 {[%clk 0:00:13]} 32. Qe3
{[%clk 0:00:17]} Rb5 {[%clk 0:00:16]} 33. Rc5 {[%clk 0:00:22]} Rxc5
{[%clk 0:00:20]} 34. Qxc5 {[%clk 0:00:31]} Rb5 {[%clk 0:00:29]} 35. Qc3
{[%clk 0:00:36]} Qxg5 {[%clk 0:00:35]} 36. b3 {[%clk 0:00:17]} Rc5
{[%clk 0:00:32]} 37. Qd4 {[%clk 0:00:16]} Rb5 {[%clk 0:00:22]} 38. Kb2
{[%clk 0:00:15]} c5 {[%clk 0:00:31]} 39. Qe3 {[%clk 0:00:18]} Qf6+
{[%clk 0:00:30]} 40. Qc3 {[%clk 0:00:26]} Qf4 {[%clk 0:00:17]} 41. Bd5
{[%clk 0:00:24]} Qxf2 {[%clk 0:00:17]} 42. e4 {[%clk 0:00:32]} Qg1
{[%clk 0:00:13]} 43. Qf3 {[%clk 0:00:31]} Qg6 {[%clk 0:00:11]} 44. Rg2
{[%clk 0:00:37]} 1-0

[Event "Russian Rapid Championship (m)"]
[Site "Sochi"]
[Date "2022.10.16"]
[Round "6.5"]
[White "Kukhmazov, Arsen"]
[Black "Tsydypov, Zhamsaran"]
[Result "1-0"]
[BlackElo "2554"]
[WhiteElo "2459"]
[LiveChessVersion "1.4.8"]

1. d4 {[%clk 0:15:19]} Nf6 {[%clk 0:14:59]} 2. c4 {[%clk 0:15:27]} c5
{[%clk 0:15:07]} 3. d5 {[%clk 0:15:36]} b5 {[%clk 0:15:16]} 4. cxb5
{[%clk 0:15:44]} a6 {[%clk 0:15:25]} 5. e3 {[%clk 0:15:52]} e6 {[%clk 0:15:27]}
6. Nc3 {[%clk 0:15:56]} exd5 {[%clk 0:14:45]} 7. Nxd5 {[%clk 0:16:04]} axb5
{[%clk 0:13:31]} 8. Bxb5 {[%clk 0:13:50]} Bb7 {[%clk 0:11:36]} 9. Nxf6+
{[%clk 0:13:49]} gxf6 {[%clk 0:11:35]} 10. Bf1 {[%clk 0:13:48]} Nc6
{[%clk 0:10:25]} 11. Nf3 {[%clk 0:13:52]} Rg8 {[%clk 0:09:59]} 12. Bd2
{[%clk 0:12:58]} Qb6 {[%clk 0:09:16]} 13. Bc3 {[%clk 0:11:23]} d5
{[%clk 0:09:01]} 14. Qd3 {[%clk 0:07:36]} O-O-O {[%clk 0:07:46]} 15. O-O-O
{[%clk 0:07:21]} Kb8 {[%clk 0:06:17]} 16. Qb5 {[%clk 0:05:41]} Qa7
{[%clk 0:04:37]} 17. Kb1 {[%clk 0:03:17]} d4 {[%clk 0:03:54]} 18. exd4
{[%clk 0:03:24]} cxd4 {[%clk 0:04:03]} 19. Bd2 {[%clk 0:03:20]} Bd6
{[%clk 0:03:59]} 20. Bd3 {[%clk 0:02:43]} Ka8 {[%clk 0:01:57]} 21. Be4
{[%clk 0:02:52]} Ne5 {[%clk 0:01:25]} 22. Bxb7+ {[%clk 0:02:34]} Qxb7
{[%clk 0:01:34]} 23. Qxb7+ {[%clk 0:02:44]} Kxb7 {[%clk 0:01:43]} 24. Nh4
{[%clk 0:02:52]} d3 {[%clk 0:01:06]} 25. Bf4 {[%clk 0:01:03]} Bc5
{[%clk 0:01:02]} 26. f3 {[%clk 0:00:44]} Rd5 {[%clk 0:01:08]} 27. g4
{[%clk 0:00:21]} Kc6 {[%clk 0:00:49]} 28. b3 {[%clk 0:00:24]} Kd7
{[%clk 0:00:43]} 29. Rhf1 {[%clk 0:00:19]} Ra8 {[%clk 0:00:34]} 30. Nf5
{[%clk 0:00:24]} Nc6 {[%clk 0:00:26]} 31. Bd2 {[%clk 0:00:19]} Na7
{[%clk 0:00:21]} 32. a4 {[%clk 0:00:14]} Rb8 {[%clk 0:00:26]} 33. Ka2
{[%clk 0:00:24]} Nc6 {[%clk 0:00:33]} 34. Rfe1 {[%clk 0:00:22]} Ne5
{[%clk 0:00:39]} 35. Rf1 {[%clk 0:00:17]} Re8 {[%clk 0:00:33]} 36. Bc3
{[%clk 0:00:18]} Nc6 {[%clk 0:00:33]} 37. Rfe1 {[%clk 0:00:19]} Rxe1
{[%clk 0:00:17]} 38. Rxe1 {[%clk 0:00:24]} Bb4 {[%clk 0:00:17]} 39. Kb2
{[%clk 0:00:33]} Rc5 {[%clk 0:00:21]} 40. Rc1 {[%clk 0:00:29]} Rd5
{[%clk 0:00:17]} 41. Ne3 {[%clk 0:00:31]} Rd6 {[%clk 0:00:18]} 42. Rd1
{[%clk 0:00:33]} Bc5 {[%clk 0:00:13]} 43. Nc4 {[%clk 0:00:38]} Rd5
{[%clk 0:00:22]} 44. b4 {[%clk 0:00:43]} Bf2 {[%clk 0:00:23]} 45. b5
{[%clk 0:00:46]} Ne5 {[%clk 0:00:31]} 46. Bxe5 {[%clk 0:00:54]} fxe5
{[%clk 0:00:38]} 47. Rxd3 {[%clk 0:01:03]} Bd4+ {[%clk 0:00:44]} 48. Kb3
{[%clk 0:01:12]} Kc7 {[%clk 0:00:50]} 49. Nxe5 {[%clk 0:01:13]} Rxe5
{[%clk 0:00:57]} 50. Rxd4 {[%clk 0:01:22]} Re3+ {[%clk 0:01:06]} 51. Kb4
{[%clk 0:01:30]} Rxf3 {[%clk 0:01:14]} 52. Rc4+ {[%clk 0:01:30]} Kb8
{[%clk 0:01:22]} 53. h4 {[%clk 0:01:35]} 1-0

[Event "Russian Rapid Championship (m)"]
[Site "Sochi"]
[Date "2022.10.16"]
[Round "6.6"]
[White "Shomoev, Anton"]
[Black "Iljiushenok, Ilia"]
[Result "1-0"]
[BlackElo "2467"]
[WhiteElo "2553"]
[LiveChessVersion "1.4.8"]

1. e4 {[%clk 0:15:17]} e5 {[%clk 0:15:18]} 2. Nf3 {[%clk 0:15:26]} Nf6
{[%clk 0:15:27]} 3. Nxe5 {[%clk 0:15:34]} d6 {[%clk 0:15:35]} 4. Nf3
{[%clk 0:15:42]} Nxe4 {[%clk 0:15:41]} 5. d4 {[%clk 0:15:50]} d5 {[%clk 0:15:47]}
6. Bd3 {[%clk 0:15:59]} Bd6 {[%clk 0:15:52]} 7. O-O {[%clk 0:16:06]} O-O
{[%clk 0:15:58]} 8. c4 {[%clk 0:16:14]} c6 {[%clk 0:16:07]} 9. Nc3
{[%clk 0:16:22]} Nxc3 {[%clk 0:16:09]} 10. bxc3 {[%clk 0:16:30]} dxc4
{[%clk 0:16:14]} 11. Bxc4 {[%clk 0:16:38]} Bg4 {[%clk 0:16:19]} 12. h3
{[%clk 0:16:45]} Bh5 {[%clk 0:16:27]} 13. g4 {[%clk 0:16:53]} Bg6
{[%clk 0:16:36]} 14. Ne5 {[%clk 0:17:02]} b5 {[%clk 0:16:45]} 15. Bb3
{[%clk 0:17:07]} Nd7 {[%clk 0:16:53]} 16. Nxg6 {[%clk 0:15:33]} hxg6
{[%clk 0:17:02]} 17. Qf3 {[%clk 0:14:01]} Rc8 {[%clk 0:17:11]} 18. a4
{[%clk 0:12:03]} b4 {[%clk 0:17:10]} 19. cxb4 {[%clk 0:11:30]} Bxb4
{[%clk 0:17:07]} 20. Bf4 {[%clk 0:09:38]} Nf6 {[%clk 0:13:21]} 21. Be5
{[%clk 0:08:02]} Nd5 {[%clk 0:11:21]} 22. Rac1 {[%clk 0:08:09]} Qd7
{[%clk 0:07:43]} 23. Rfd1 {[%clk 0:07:16]} Rfd8 {[%clk 0:07:26]} 24. h4
{[%clk 0:06:38]} Bd6 {[%clk 0:05:48]} 25. h5 {[%clk 0:05:28]} gxh5
{[%clk 0:04:38]} 26. gxh5 {[%clk 0:05:37]} Bxe5 {[%clk 0:04:21]} 27. dxe5
{[%clk 0:05:46]} Qe6 {[%clk 0:04:30]} 28. Re1 {[%clk 0:03:38]} Qh6
{[%clk 0:03:20]} 29. Rc4 {[%clk 0:03:33]} Re8 {[%clk 0:02:58]} 30. Bc2
{[%clk 0:02:26]} Re7 {[%clk 0:02:51]} 31. Qxd5 {[%clk 0:02:07]} Rce8
{[%clk 0:01:49]} 32. Rxc6 {[%clk 0:00:54]} Qxh5 {[%clk 0:01:47]} 33. Qh1
{[%clk 0:00:39]} Qg5+ {[%clk 0:01:30]} 34. Qg2 {[%clk 0:00:48]} Qd2
{[%clk 0:01:39]} 35. Qe4 {[%clk 0:00:37]} Qg5+ {[%clk 0:01:45]} 36. Qg2
{[%clk 0:00:45]} Qd2 {[%clk 0:01:54]} 37. Rd1 {[%clk 0:00:50]} Qf4
{[%clk 0:02:00]} 38. Qg3 {[%clk 0:00:56]} Qxg3+ {[%clk 0:01:52]} 39. fxg3
{[%clk 0:01:04]} Rxe5 {[%clk 0:02:01]} 40. Rd2 {[%clk 0:00:41]} g6
{[%clk 0:02:04]} 41. Rc7 {[%clk 0:00:37]} a5 {[%clk 0:00:57]} 42. Rf2
{[%clk 0:00:39]} R8e7 {[%clk 0:00:57]} 43. Rxe7 {[%clk 0:00:47]} Rxe7
{[%clk 0:01:06]} 44. Kg2 {[%clk 0:00:39]} Kg7 {[%clk 0:01:15]} 45. Bd3
{[%clk 0:00:48]} f5 {[%clk 0:01:21]} 46. Re2 {[%clk 0:00:51]} Rd7
{[%clk 0:01:28]} 47. Bb5 {[%clk 0:01:00]} Rd6 {[%clk 0:01:29]} 48. Re7+
{[%clk 0:01:06]} Kf6 {[%clk 0:01:35]} 49. Rd7 {[%clk 0:01:11]} Re6
{[%clk 0:01:44]} 50. Ra7 {[%clk 0:01:19]} Re3 {[%clk 0:01:43]} 51. Rxa5
{[%clk 0:01:16]} Kg5 {[%clk 0:01:52]} 52. Ra6 {[%clk 0:01:05]} Kh5
{[%clk 0:02:00]} 53. Kf2 {[%clk 0:01:08]} 1-0

[Event "Russian Rapid Championship (m)"]
[Site "Sochi"]
[Date "2022.10.16"]
[Round "6.7"]
[White "Drygalov, Andrey"]
[Black "Chigaev, Maksim"]
[Result "1/2-1/2"]
[BlackElo "2540"]
[WhiteElo "2456"]
[LiveChessVersion "1.4.8"]

1. e4 {[%clk 0:15:17]} e5 {[%clk 0:15:19]} 2. Nf3 {[%clk 0:15:16]} Nc6
{[%clk 0:15:27]} 3. Bc4 {[%clk 0:15:14]} Nf6 {[%clk 0:15:34]} 4. d3
{[%clk 0:15:22]} Bc5 {[%clk 0:15:41]} 5. O-O {[%clk 0:15:20]} d6 {[%clk 0:15:49]}
6. c3 {[%clk 0:15:24]} h6 {[%clk 0:15:57]} 7. Re1 {[%clk 0:15:29]} O-O
{[%clk 0:16:02]} 8. h3 {[%clk 0:15:04]} a5 {[%clk 0:16:07]} 9. Nbd2
{[%clk 0:15:06]} a4 {[%clk 0:16:00]} 10. Bb5 {[%clk 0:14:41]} Bd7
{[%clk 0:16:08]} 11. Nf1 {[%clk 0:14:09]} Qb8 {[%clk 0:16:07]} 12. Be3
{[%clk 0:12:42]} Bxe3 {[%clk 0:16:08]} 13. Nxe3 {[%clk 0:12:38]} Qa7
{[%clk 0:16:13]} 14. Nd5 {[%clk 0:08:56]} Nxd5 {[%clk 0:15:31]} 15. exd5
{[%clk 0:09:05]} Nb8 {[%clk 0:15:39]} 16. Bxd7 {[%clk 0:09:13]} Nxd7
{[%clk 0:15:47]} 17. d4 {[%clk 0:09:20]} Rfe8 {[%clk 0:15:26]} 18. dxe5
{[%clk 0:09:15]} Nxe5 {[%clk 0:14:15]} 19. Nxe5 {[%clk 0:08:50]} 1/2-1/2

[Event "Russian Rapid Championship (m)"]
[Site "Sochi"]
[Date "2022.10.16"]
[Round "6.8"]
[White "Rozum, Ivan"]
[Black "Dobrov, Vladimir"]
[Result "1-0"]
[BlackElo "2450"]
[WhiteElo "2540"]
[LiveChessVersion "1.4.8"]

1. Nf3 {[%clk 0:15:18]} d5 {[%clk 0:15:17]} 2. g3 {[%clk 0:15:26]} Nd7
{[%clk 0:14:22]} 3. d4 {[%clk 0:15:33]} Ngf6 {[%clk 0:14:14]} 4. Bg2
{[%clk 0:15:29]} b5 {[%clk 0:14:19]} 5. O-O {[%clk 0:14:36]} e6 {[%clk 0:14:27]}
6. c3 {[%clk 0:13:47]} a5 {[%clk 0:13:52]} 7. a4 {[%clk 0:13:31]} Ba6
{[%clk 0:13:42]} 8. axb5 {[%clk 0:13:21]} Bxb5 {[%clk 0:13:51]} 9. b3
{[%clk 0:12:57]} c5 {[%clk 0:13:27]} 10. c4 {[%clk 0:12:41]} dxc4
{[%clk 0:09:09]} 11. Na3 {[%clk 0:11:42]} Bc6 {[%clk 0:08:59]} 12. Nxc4
{[%clk 0:11:49]} Bd5 {[%clk 0:07:22]} 13. Nfe5 {[%clk 0:09:18]} cxd4
{[%clk 0:07:01]} 14. Nxd7 {[%clk 0:09:11]} Nxd7 {[%clk 0:06:44]} 15. Qxd4
{[%clk 0:08:55]} Bxg2 {[%clk 0:06:08]} 16. Kxg2 {[%clk 0:09:03]} Be7
{[%clk 0:03:21]} 17. Qxg7 {[%clk 0:08:05]} Rf8 {[%clk 0:01:38]} 18. Rd1
{[%clk 0:07:13]} Qc7 {[%clk 0:01:42]} 19. Bg5 {[%clk 0:06:44]} a4
{[%clk 0:01:24]} 20. Kg1 {[%clk 0:05:53]} Qc5 {[%clk 0:01:00]} 21. Bxe7
{[%clk 0:04:26]} Kxe7 {[%clk 0:01:06]} 22. Rac1 {[%clk 0:04:29]} Nf6
{[%clk 0:00:32]} 23. Nd6 {[%clk 0:02:56]} Qb6 {[%clk 0:00:29]} 24. bxa4
{[%clk 0:03:00]} Rad8 {[%clk 0:00:19]} 25. Rb1 {[%clk 0:03:01]} Qa6
{[%clk 0:00:12]} 26. Qg5 {[%clk 0:02:13]} Rxd6 {[%clk 0:00:13]} 27. Rxd6
{[%clk 0:02:22]} Kxd6 {[%clk 0:00:11]} 28. Qxf6 {[%clk 0:02:18]} Qxe2
{[%clk 0:00:19]} 29. Qd4+ {[%clk 0:02:21]} Kd5 1-0